Effect of chemical and organic biocin fertilizer on sweet pepper at royal university of agriculture ឥទ្ធិពលនៃជីសរីរាង្គបាយអូស៊ីន និងជីគីមីលើដំណាំម្ទេសប្លោក​នៅសាកលវិទ្យាល័យភូមិន្ធកសិកម្ម. (Record no. 1250)

000 -LEADER
fixed length control field 00718nam a22001577a 4500
003 - CONTROL NUMBER IDENTIFIER
control field OSt
005 - DATE AND TIME OF LATEST TRANSACTION
control field 20150925142808.0
008 - FIXED-LENGTH DATA ELEMENTS--GENERAL INFORMATION
fixed length control field 150925b xxu||||| |||| 00| 0 eng d
040 ## - CATALOGING SOURCE
Transcribing agency RUA
082 ## - DEWEY DECIMAL CLASSIFICATION NUMBER
Classification number AGR PHE 2013 BO55 Or.1
100 ## - MAIN ENTRY--PERSONAL NAME
9 (RLIN) 1329
Personal name PHEM,PHEAKDEY
245 ## - TITLE STATEMENT
Title Effect of chemical and organic biocin fertilizer on sweet pepper at royal university of agriculture ឥទ្ធិពលនៃជីសរីរាង្គបាយអូស៊ីន និងជីគីមីលើដំណាំម្ទេសប្លោក​នៅសាកលវិទ្យាល័យភូមិន្ធកសិកម្ម.
260 ## - PUBLICATION, DISTRIBUTION, ETC. (IMPRINT)
Place of publication, distribution, etc. phnom phen
Name of publisher, distributor, etc. RUA
Date of publication, distribution, etc. 2013
300 ## - PHYSICAL DESCRIPTION
Extent XII,53p.
Other physical details ill.
Dimensions 29cm.
942 ## - ADDED ENTRY ELEMENTS (KOHA)
Source of classification or shelving scheme
Koha item type AGR
Holdings
Price effective from Date last seen Permanent Location Not for loan Date acquired Source of classification or shelving scheme Koha item type Lost status Withdrawn status Date last checked out Total Checkouts Shelving location Damaged status Barcode Current Location Full call number
2015-09-252023-01-25Library Block B 2015-09-25 AGR  2022-12-072B055 RUA005581Library Block BAGR PHE 2013 BO55 Or.1
2015-09-252024-05-29Library Block B 2015-09-25 AGR  2024-05-092B055 RUA006083Library Block BAGR PHE 2013 BO55 Or.2
2015-09-252015-09-25Library Block B 2015-09-25 AGR    B055 RUA006082Library Block BAGR PHE 2013 BO55 Or.3
2015-09-252024-01-05Library Block B 2015-09-25 AGR  2023-12-041B055 RUA006801Library Block BAGR PHE 2013 BO55 Or.4
2015-09-252024-06-25Library Block B 2015-09-25 AGR  2024-06-124B055 RUA006800Library Block BAGR PHE 2013 BO55 Or.5
2015-09-252015-09-25Library Block B 2015-09-25 AGR    B055 RUA006080Library Block BAGR PHE 2013 BO55 Or.6
2015-09-262026-03-24Library Block B 2015-09-26 AGR  2026-02-181B055 RUA006367Library Block BAGR PHE 2013 BO55 Or.7
2015-09-262016-06-15Library Block B 2015-09-26 AGR  2016-05-311B055 RUA019659Library Block BAGR PHE 2013 BO55 Or.8
មជ្ឈមណ្ឌលឯការនៃសាកលវិទ្យាល័យភូមិន្ទកសិកម្មចំការដូង

Powered by Koha